Music Quiz

Random Music or Song Quiz

Queen Songs Quiz Stats

 Plays Quiz Updated Jan 24, 2013

Score 0/152 Timer 18:00
5 Plays Today
% Correct
Bohemian Rhapsody
87.4%
We Will Rock You
79.6%
We Are the Champions
79.3%
Killer Queen
74.3%
Fat Bottomed Girls
71.8%
Another One Bites the Dust
71.1%
Somebody to Love
67.1%
Radio Ga Ga
66.6%
Bicycle Race
66.5%
Don't Stop Me Now
66.2%
Under Pressure
65.8%
A Kind of Magic
65.4%
I Want to Break Free
63.8%
Innuendo
63.4%
Seven Seas of Rhye...
61.6%
Crazy Little Thing Called Love
60.9%
Seven Seas of Rhye
60.3%
You're My Best Friend
59.5%
Play the Game
58.4%
Love of My Life
58%
I'm In Love With My Car
56.8%
The Show Must Go On
56.3%
The Miracle
55.7%
Keep Yourself Alive
55.5%
Sheer Heart Attack
54.9%
Hammer to Fall
54.7%
Who Wants to Live Forever
53.2%
'39
51.9%
One Vision
49.8%
Tie Your Mother Down
49.6%
Good Old-Fashioned Lover Boy
49.2%
Made in Heaven
49.2%
I Want It All
48.8%
Death on Two Legs (Dedicated to...)
48.6%
Liar
47.6%
Save Me
45.6%
God Save the Queen
45.2%
White Queen (As It Began)
45.1%
The March of the Black Queen
45.1%
Breakthru
45%
Now I'm Here
44.8%
The Invisible Man
44.3%
I'm Going Slightly Mad
44.2%
Lazing on a Sunday Afternoon
43.4%
Brighton Rock
42.9%
Princes of the Universe
42.8%
These Are the Days of Our Lives
42.6%
Spread Your Wings
42.5%
The Prophet's Song
42.1%
Friends Will Be Friends
41.9%
Great King Rat
41.2%
% Correct
Headlong
41.1%
Stone Cold Crazy
40.9%
Father to Son
40.8%
Seaside Rendezvous
40.7%
In the Lap of the Gods
40.7%
Jesus
40%
Cool Cat
39.9%
Ogre Battle
39.8%
Body Language
39.7%
It's a Hard Life
39.7%
Mustapha
39.4%
My Fairy King
38.5%
Lily of the Valley
37.8%
Doing All Right
37.8%
Teo Torriatte (Let Us Cling Together)
37.6%
Is This the World We Created...?
37.6%
All Dead, All Dead
37.4%
Dragon Attack
37.1%
Good Company
37.1%
Sweet Lady
36.9%
Back Chat
36.6%
Drowse
36.6%
Flick of the Wrist
36.2%
The Millionaire Waltz
36.1%
My Melancholy Blues
36.1%
Procession
35.9%
More of That Jazz
35.8%
Las Palabras de Amor (The Words of Love)
35.6%
Son and Daughter
35.2%
Delilah
35%
In the Lap of the Gods...Revisited
35%
It's Late
34.9%
Nevermore
34.8%
Mother Love
34.6%
Tenement Funster
34.1%
Get Down, Make Love
34.1%
Too Much Love Will Kill You
33.9%
Don't Try Suicide
33.3%
Bring Back That Leroy Brown
33.3%
Misfire
33.1%
Sail Away Sweet Sister (To the Sister I Never Had)
33%
White Man
32.8%
Scandal
32.7%
You and I
32.6%
You Take My Breath Away
32.5%
The Fairy Feller's Master-Stroke
32.2%
She Makes Me (Stormtrooper in Stilettoes)
31.5%
One Year of Love
31.5%
Modern Times Rock 'n' Roll
31.4%
Dancer
31.4%
Sleeping on the Sidewalk
31.3%
% Correct
Bijou
31.3%
Fun It
31.1%
Let Me Entertain You
30.8%
Funny How Love Is
30.6%
Calling All Girls
30.5%
Jealousy
30.3%
Heaven for Everyone
29.7%
Party
29.6%
Life Is Real (Song for Lennon)
29.3%
Dear Friends
29.1%
I Was Born to Love You
29%
It's a Beautiful Day
28.9%
Machines (Or 'Back to Humans')
28.8%
Long Away
28.5%
Staying Power
28.5%
The Night Comes Down
28.4%
The Loser in the End
28.4%
Rock It (Prime Jive)
28.3%
Coming Soon
28%
Tear It Up
27.9%
Man on the Prowl
27.6%
Let Me Live
27.6%
Dreamer's Ball
27.6%
Who Needs You
27.2%
Keep Passing the Open Windows
26.6%
In Only Seven Days
26.5%
It's a Beautiful Day (Reprise)
26.5%
Gimme the Prize (Kurgan's Theme)
26.5%
Some Day One Day
26.5%
Khashoggi's Ship
26.2%
The Hitman
26.1%
Dead on Time
25.8%
Action This Day
25.7%
Fight from the Inside
25.5%
Pain Is So Close to Pleasure
25.4%
A Winter's Tale
25.3%
Put Out the Fire
25%
I Can't Live With You
24.9%
Rain Must Fall
24.9%
Ride the Wild Wind
24.5%
Leaving Home Ain't Easy
24.3%
If You Can't Beat Them
24.2%
Need Your Loving Tonight
24.1%
Don't Lose Your Head
23.9%
Don't Try So Hard
23.3%
Was It All Worth It
23.3%
All God's People
23%
You Don't Fool Me
22.4%
My Baby Does Me
21.4%
My Life Has Been Saved
16.8%

You're not logged in!

Compare scores with friends on all Sporcle quizzes.
OR
Log In

Sporcle TV

Today on Sporcle TV


Watch our educational content, quiz creation guides, and fun videos on Sporcle TV.

Show Comments

Extras

Top Quizzes Today


Score Distribution

Your Account Isn't Verified!

In order to create a playlist on Sporcle, you need to verify the email address you used during registration. Go to your Sporcle Settings to finish the process.

Report this User

Report this user for behavior that violates our Community Guidelines.

Details: